00721cam a22001457a 4500008004000000082001700040245014100057260014400198300000900342650003800351650003500389700006700424700006400491700002000555180718b1996 xxu||||| |||| 00| 0 eng d aY1182x5 C266 aCase studies of people's participation in watershed management in Asia (part II: Sri Lanka, Thailand, Vietnam)cedited by Prem N. Sharma aNepalbParticipatory Watershed Management Training in Asia (PWMTA) and Farmer-centred Agricultutal Resource Management (FARM) Programc1996 a38p. aWater-supply, Agricultural - Asia aIrrigation - Management - Asia aFarmer-centred Agricultural Resource Management (Farm) Program aParticipatory Watershed Management Training in Asia (PWMTA) aSharma, Prem N.